000
00290nam a2200133Ia 4500
008
190216s9999||||xx |||||||||||||| ||und||
100
_a
Khanna.M.L
245
0
_a
Modern Algebra
250
_a
FIFTH
260
_b
Jaiprakashnath&Co:
300
_a
450
650
_a
Mathematics
942
_c
BK
999
_c
30676
_d
30676